| 000 | 01094nam a2200241 i 4500 | ||
|---|---|---|---|
| 001 | 156351 | ||
| 003 | ES-MaACL | ||
| 005 | 20250916182947.0 | ||
| 008 | 000211s1879 sp |||| | spa d | ||
| 080 | _a821.134.2-39"15" | ||
| 100 | 1 |
_aJiménez de Urrea, Jerónimo de. _9128318 |
|
| 245 | 1 | 0 |
_aPrimera parte del Libro del invencible caballero Don Clarisel de las Flores y de Austrasia / _cescrito por Don Jerónimo de Urrea ; [introducción por J.M. Asensio]. |
| 260 |
_aSevilla : _bSociedad de Bibliófilos Andaluces, _c1879 ( _fFrancisco Álvarez y Cª) |
||
| 300 |
_aXX, 349 p. ; _c24 cm. |
||
| 490 | 1 | _aSociedad de Bibliófilos Andaluces. Primera serie | |
| 510 | 4 |
_aPalau, _ct. XXVIII, 377310 |
|
| 530 | _aDisponible en formato digital. | ||
| 700 | 1 |
_aAsensio, José María, _d1829-1905 _923582 |
|
| 830 | 1 |
_aSociedad de Bibliófilos Andaluces. Primera serie _9182018 |
|
| 852 | 4 |
_aES-MaACL _jB-5559 _z- Enc. hol. |
|
| 856 |
_uhttp://www.bibliotecavirtualdeandalucia.es/catalogo/es/consulta/registro.do?id=1019234 _zBiblioteca Virtual de Andalucía |
||
| 999 |
_c156351 _d156351 |
||